| 000 | 00591nam a22002057a 4500 | ||
|---|---|---|---|
| 003 | OSt | ||
| 005 | 20140310182912.0 | ||
| 008 | 130128t xxu||||| |||| 00| 0 eng d | ||
| 020 | _a9789712725456 | ||
| 050 |
_aPL 6063 _b.C335 2011 |
||
| 082 |
_aF899.211 _b.C335 2011 |
||
| 245 |
_aKlasrum drama : _bmga anyo ng dulaan para sa paaralan / _cCasanova, Arthur P. |
||
| 260 |
_aMandaluyong City : _bAnvil Publishing Inc., _cc2011. |
||
| 300 |
_a250 p. : ill. ; _c26 cm. |
||
| 521 | _acollege students | ||
| 526 | _c1210L-1700L | ||
| 541 | _j1 | ||
| 562 | _e1 | ||
| 942 |
_2lcc _cBK _kFIL |
||
| 999 |
_c17249 _d17249 |
||